|
|
|
|
| LEADER |
00000nam a2200000 a 4500 |
| 001 |
vtls001323537 |
| 003 |
SK-MaSNL |
| 005 |
20260301005512.0 |
| 008 |
251124s1996 xr 0 eng |
| 020 |
|
|
|c [2,00]
|
| 035 |
|
|
|a SNK000276232
|
| 040 |
|
|
|a SNK
|b slo
|c SNK
|e AACR2
|
| 043 |
|
|
|a e-cz
|
| 044 |
|
|
|a xr
|c CZ
|
| 080 |
|
|
|a 943.72-21
|2 1981
|
| 100 |
1 |
|
|a Winters, Stanley B.
|d 1924-2011
|4 aut
|9 213799
|
| 245 |
1 |
0 |
|a Historická Olomouc 11.
|c Stanley B. Winters
|
| 260 |
|
|
|a [S.l.
|b s.n.
|c 1996]
|
| 300 |
|
|
|a S. 199-201
|c 23 cm
|
| 500 |
|
|
|a Odtlačok z: Chronik-Bohemia Band 38(1997), xerokópia
|
| 650 |
0 |
7 |
|a dejiny miest
|2 SNKPH
|9 164833
|
| 651 |
|
7 |
|a Olomouc (Česko)
|2 SNK
|9 30879
|
| 999 |
|
|
|c 545348
|d 547278
|
| 952 |
|
|
|t P60, <04>, [BOOK], {604}
|a SNK
|b SNK
|y VYP
|7 0
|p 17A0128526
|o snkOIC 6568
|i snkV 286/98
|0 0
|1 0
|4 0
|d 1998-03-23
|l 0
|r 2005-01-02 00:00:00
|w 2026-02-23
|